Culture générale - Quiz #24 - Statistiques

Statistiques générales
  • Ce quiz a été pris 61 710 fois
  • Le résultat moyen est 11 sur 20
Statistiques - réponses
Question Réponse % Correct
Comment se nomme l'habit traditionnel écossais masculin, semblable à une jupe ? Kilt
86%
Selon la superstition, combien de temps de malheur subirait-on en brisant un miroir ? Sept ans
82%
Quel pays a été fondé par l'union du royaume d'Aragon et de Castille ? L'Espagne
78%
Quel système de numération n'utilise que des 0 et des 1 ? Le système {binaire}
75%
Que forment la mandibule et le maxillaire ? La mâchoire
70%
Quelle forme a un panneau stop dans la plupart des pays ? Octogone
70%
Selon le mythe littéraire, de qui Iseut est-elle amoureuse ? Tristan
63%
Quel pays a trois capitales officielles ? L'Afrique du Sud
59%
Quelle civilisation précolombienne habitait entre autres les villes de Chichén Itzá et Copan ? Les Mayas
58%
Dans quelle ville est né Mahomet ? La Mecque
57%
Quelle molécule appelle-t-on par plaisanterie "monoxyde de dihydrogène" ? L'eau
56%
Quel sport joue-t-on dans la LNH (NHL en anglais), dont le trophée le plus prestigieux est la coupe Stanley ? Hockey
54%
Quelle substance protéique contenue les produits à base de céréales est présentée comme néfaste par les partisans d'un certain régime alimentaire controversé ? Le gluten
51%
Qui est le commandant du Nautilus ? Le Capitaine Némo
41%
De quelle comédie musicale est extrait le titre "Quand on arrive en ville" ? Starmania
40%
Sur quelle île se trouve le Kīlauea, l'un des volcans les plus actifs au monde ? Hawaï
38%
Dans quelle comédie Yves Montand dit-il "Il est l'or, monseignor" à Louis de Funès ? La Folie des grandeurs
38%
Quel légume est nommé d'après une capitale européenne ? Le chou de Bruxelles
32%
Quelle variante du billard se joue avec une boule blanche, 15 boules rouges et 6 boules de couleurs différentes ? Le snooker
25%
Que représente la harpe sur les armoiries du roi Charles III ? L'Irlande
13%
Aucun quiz correspondant
Distribution des résultats
% des personnes avec chaque résultat
Percentile par nombre de réponses
Votre historique - résultats
Vous n’avez pas pris ce quiz